000 00397nam a2200133Ia 4500
005 20260328104317.0
008 260328s9999||||xx |||||||||||||| ||und||
100 _aMontesinos de Lapioli, Cecilia
245 0 _aAnuario de Arquitectura :
_b Venezuela 1981 /
_cCecilia Montesinos de Lapioli
260 _bSociedad Bolivariana de Arquitectos
300 _a271 p.
650 _aVENEZUELA
942 _cBK
999 _c11186
_d11186